000 00623nam a2200205 a 4500
001 000011754
005 20240530073912.0
008 091027s2005 dr ab 000 f spa d
020 _a9993456012
040 _aDO-SdBNP
_bspa
_cBNPHU
082 _aRD863.44
_bB633a
100 1 _aBatista, Miguel,
_d1971-
_927814
245 1 0 _aAnte los ojos de la ley /
_cMiguel Batista.
260 _aSanto Domingo :
_bNorma,
_c2005.
300 _a352 p. :
_bil., ;
_c23 cm.
590 _aInventariado, 2020/MFF
650 0 _aNovela dominicana
_9223
650 0 _aLiteratura dominicana.
_967
910 _aValidado. Control de calidad MMOLINA
999 _c11429
_d11429